Statistics for Languages That the Jetpunk "Countries of the World" Quiz Has Been Translated Into

Click here to take the quiz!

General Stats

  • This quiz has been taken 71 times
  • The average score is 21 of 31

Answer Stats

Answer% Correct
Spanish
94%
French
94%
Russian
91%
English
91%
Swedish
86%
German
86%
Dutch
85%
Italian
83%
Norwegian
82%
Finnish
80%
Danish
78%
Portuguese
77%
Greek
74%
Polish
74%
Turkish
71%
Hungarian
71%
Romanian
69%
Croatian
68%
Czech
65%
Serbian
63%
Estonian
62%
Lithuanian
58%
Icelandic
52%
Catalan
46%
Vietnamese
45%
Hebrew
43%
Thai
42%
Indonesian
37%
Persian
34%
Tagalog
28%
Bengali
25%

Score Distribution

Percentile by Number Answered

Percent of People with Each Score

Your Score History

You have not taken this quiz